00683nam a2200169 a 4500008004100000020001800041050001400059100001600073245004400089260004200133300001400175350001000189650002100199995013100220995014500351999001700496201118s2017 ||||||||||||||||| || u a9781781127292 aPZ 7.A564 aPalmer, Tom10aDefenders Killing groundcBy Tom Palmer aEdinburghbBarrington Stoke Ltdc2017 a129 pages a18.64 aENGLISH LANGUAGE aFICTION Collectione750501FCBU-MAIN LIBRARY (Kitwe)I18.64jPZ 7.A564M2UAVAILABLEWDec 10, 2020y750501ZFiction Collection aFICTION Collectione905205FCBU-SCHOOL OF MEDICINE LIBRARY (Ndola)I18.64jPZ 7.A564M1UAVAILABLEWNov 20, 2020y905205ZFiction Collection c63778d63778